All Maddie solos On Dance Moms - Statistics

General Stats
  • This quiz has been taken 249 times
    230 since last reset
  • The average score is 28 of 64
Answer Stats
Maddie Answer % Correct
C Cry
100%
A Angel
78%
TH The Hostage
70%
B Birthday
67%
A Acapella
66%
M Manhattan
63%
BG Bond Girl
59%
M Maddie
59%
AG Amazing Grace
56%
D Disappear
56%
B Beautiful
55%
H Happiness
55%
HK Hellen Keller
55%
LCA Lights Camera Action
55%
TPC The Peoples Choice
55%
BA Be Anything
52%
TE The Entertainer
52%
U Universe
52%
IMH In My Heart
51%
LB Lizzie Borden
51%
QV Quiet Voices
51%
YGGG You Go Go Girl
49%
MM Maestro Man
48%
TMS Telling Myself
48%
YDKM You Don't Know Me
48%
SS Someone Special
47%
SOTS Star Of The Show
47%
LFAPCH Looking For A Place Called Home
46%
TW The Woods
46%
POMH Piece Of My Heart
45%
TGOL The Game Of Love
45%
B Ballerina
44%
UB Uphill Battle
44%
ELS Every Little Step
43%
GG Golden Girl
43%
R Reflections
43%
T Timeless
43%
V Vertigo
43%
MINBTS Mom It'll Never Be The Same
41%
YAMATW You And Me Against The World
41%
FMO Fool Me Once
40%
AOML All Of My Life
39%
TGIWB The Girl I Wanna Be
39%
TIMOY This Is Me Over You
39%
QS Quicksand
38%
TM The Mannequin
37%
DMS Down My Spine
36%
LL Lifeline
34%
LC Loose Cannon
34%
SYMH Showing You My Heart
34%
BDW Breaking Down Walls
32%
DLM Don't Leave Me
32%
CTTC Come To The Cabaret
31%
HO Hold On
31%
IAT I'm Already There
29%
TNC They'll Never Change
28%
AGC All God Creatures
25%
D Drowning
23%
IT I'm Trying
23%
SH She's History
23%
DCT Dreams Come True
22%
TJ The Judgment
22%
IOMY I'm On My Way
18%
OETM Oscar Emmy Tony Maddie
13%
No matching quizzes found
Score Distribution
Percent of People with Each Score
Percentile by Number Answered
Your Score History
You have not taken this quiz since the last reset